000 00537nam a22001697a 4500
008 230602b xxu||||| |||| 00| 0 eng d
082 _a305.569
_bMFP
100 _dJune 2000
245 _aPoverty in Kenya
_bIncidence and Depth of Poverty
_cCentral Bureau of Statistics
250 _aSecond Report
260 _aKenya
_bCentral Bureau of Statistics
_cJune 2000
300 _a48 p
500 _aTables of Statistics
610 _2Central Bureau of Statistics
610 _2Human Resource and |Social Service Departments
942 _2ddc
_cBK
999 _c189
_d189